Statistics for Elder Scrolls: Provinces of Tamriel

Click here to take the quiz!

General Stats

  • This quiz has been taken 688 times
  • The average score is 7 of 9

Answer Stats

HintAnswer% Correct
Seat of the EmpireCyrodiil
98%
Home of the TribunalMorrowind
89%
Home of the HistBlack Marsh
87%
Founded by the first humans to come to TamrielSkyrim
84%
New home of the YokudansHammerfell
78%
Moonsugar is cultivated hereElsweyr
76%
Migratory tressValenwood
76%
(The original) Orsinium can be found hereHigh Rock
75%
Province closest to the Sload.Summerset Isle
66%

Score Distribution

Percentile by Number Answered

Percent of People with Each Score

Your Score History

You have not taken this quiz